| 000 | 01844cam a22002775 4500 | ||
|---|---|---|---|
| 001 | L140954 | ||
| 008 | 071023s2007 xxk of 000 0 eng u | ||
| 035 | _a(Sirsi) u140954 | ||
| 041 | 0 | _aeng | |
| 050 | 0 | 4 | _a333.00711 $2 18 |
| 110 | 2 |
_aRoyal Institution of Chartered Surveyors _94900 |
|
| 245 | 0 | 0 |
_aElevate surveying _byour path to a great career _b2007-08 _h[electronic resource] |
| 250 | _a3rd ed. | ||
| 260 |
_aLondon _bProperty Week _c2007 |
||
| 300 |
_a146p. _bill. _c22cm. |
||
| 505 | 1 | _aAll that you survey: an introduction to the world of surveying -- The profession's future today: RICS matrics -- Reaping the rewards: pay, conditions and perks -- A game of two halves: female surveyors -- The role of a lifetime: a career in surveying can develop and grow -- High tech revolution: technology has revolutionised modern surveying -- Your options are endless: the surveying world is your oyster -- Working with icons: being part of landmark projects -- It's a small world: a career in surveying could open international doors -- Going for gold: involvement of surveyors in the London Olympics -- Choosing the right route to RICS -- APC and ATC -- Specialisms of RICS -- Distance learning -- Apprentice -- Benefits of a RICS-accredited course -- Extreme surveying -- Showcases | |
| 520 | _aA surveying careers guide providing features, advice, career tips and high flyer profiles. Also includes showcases from major graduate recruiters. | ||
| 520 | _aSupersedes second edition (L135928). | ||
| 590 | _aKA | ||
| 651 | 4 |
_aUnited Kingdom _y |
|
| 690 | _aCAREERS, EDUCATION AND TRAINING | ||
| 710 | 2 |
_aProperty Week _91549 |
|
| 710 | 2 |
_aBuilding _91694 |
|
| 856 | 4 | 1 |
_uhttps://www.rics.org/Careerseducationandtraining/Careersinsurveying/oncourse/JobHelp/elevate.htm _zView the guide free of charge at www.rics.org... |
| 942 | _n0 | ||
| 999 |
_c107581 _d107581 |
||